• 首页
  • 本馆介绍
  • 公告通知
  • 最新文献
  • 馆藏检索
  • 电子资源
  • 读者导购
  • 参考咨询
  • 我的图书馆
  • 登录
  • 详细信息显示
  • 放入我的书架
  • 预约/预借图书
  • 作者相关作品
  • 分类相关作品
  • 丛书相关作品
  • 出版社相关作品

书目信息

  • 表格格式
  • 工作单格式
  • 卡片格式
题名:
世界梦幻图书馆
    
 
作者: ;朝阳 译 ;X-Knowledge 编著
分册:  
出版信息: 北京   新星出版社  2015.09
页数: 215页
开本: 27cm
丛书名:
单 册:
中图分类: G259.1
科图分类:
主题词: 图书馆--tu shu guan--介绍--世界
电子资源:
ISBN: 978-7-5133-1799-3
000 01307nam0 2200277 450
001 CAL 012015112791
005 20151008112658.7
010    @a978-7-5133-1799-3@b@dCNY98.00
099    @aCAL 012015112791
100    @a20150909d2015 em y0chiy50 ea
101 1  @achi@cjpn@eger
102    @aCN@b110000
105    @aa z 000yy
106    @ar
200 1  @a世界梦幻图书馆@Ashi jie meng huan tu shu guan@d= 37 wonderful libraries around the world@fX-Knowledge编著@g朝阳译@zeng
210    @a北京@c新星出版社@d2015.09
215    @a215页@c彩图@d27cm
330    @a本书精选全世界范围内最具代表性的三十七座图书馆, 它们之中有获选全球最美公共图书馆的纽约公共图书馆、阿姆斯特丹公共图书馆, 也有享誉全球最美大学图书馆的牛津大学博德利图书馆、都柏林大学圣三一学院图书馆。更有众多或古老绚丽, 或前卫独特的修道院图书馆、社区图书馆、私人图书馆期待与您相遇。全书以极具震撼力的高画质图片全景展现各馆之美, 更附有每座图书馆的相关实用信息, 引领读者进行一场如临其境的环球知识圣殿之旅, 体验阅读的时光况味, 是爱书之人绝不可错过的宝典。
510 1  @a37 wonderful libraries around the world@zeng
606 0  @a图书馆@Atu shu guan@x介绍@y世界
690    @aG259.1@v5
702  0 @a朝阳@Achao yang@4译
711 02 @aX-Knowledge@4编著
801  0 @aCN@b人天书店@c20150909@g
905    @aBZT@dG259.1@e2
906    @dCNY98.00@n3@r1
    
    世界梦幻图书馆= 37 wonderful libraries around the world/X-Knowledge编著/朝阳译.-北京:新星出版社,2015.09
    215页:彩图;27cm
    
    
    ISBN 978-7-5133-1799-3:CNY98.00
    本书精选全世界范围内最具代表性的三十七座图书馆, 它们之中有获选全球最美公共图书馆的纽约公共图书馆、阿姆斯特丹公共图书馆, 也有享誉全球最美大学图书馆的牛津大学博德利图书馆、都柏林大学圣三一学院图书馆。更有众多或古老绚丽, 或前卫独特的修道院图书馆、社区图书馆、私人图书馆期待与您相遇。全书以极具震撼力的高画质图片全景展现各馆之美, 更附有每座图书馆的相关实用信息, 引领读者进行一场如临其境的环球知识圣殿之旅, 体验阅读的时光况味, 是爱书之人绝不可错过的宝典。
●
相关链接 在五车中查询图书 在当当中查询图书 在豆瓣中查询图书


正题名:世界梦幻图书馆     索取号:G259.1/2         预约/预借

序号 登录号 条形码 馆藏地/架位号 状态 备注
1 849356   2000849356   第二书库/ [索取号:G259.1/2] 在馆    
2 849357   2000849357   第二书库/ [索取号:G259.1/2] 在馆    
3 849358   2000849358   第二书库/ [索取号:G259.1/2] 在馆    
山东省滨州职业学院图书馆 欢迎您!
大连网信软件有限公司© 版权所有